000 00429nam a2200157Ia 4500
008 230711s9999||||xx |||||||||||||| ||und||
041 _aENG
082 _a720
_bPL-T
100 _aPlatts:E source
245 0 _aTechnology atles series: lighting commerical cooling and repair handling-V
250 _a1st
260 _c2001
_aNew York
_bPlatts Colorado E source Colorado
300 _a202
650 _aArchitecture
942 _cBK
999 _c5038
_d5038